[Event "Championnat de France Open A"]
[Site "CALVI"]
[Date "2005.??.??"]
[Round "1.9"]
[White "Wojtkowski, Frederic"]
[Black "Gaguech, Aaron"]
[Result "1-0"]
[WhiteElo "1849"]
[BlackElo "1350"]
[PlyCount "75"]
[EventDate "2005.??.??"]
[SourceDate "2005.04.17"]

1. e4 e5 2. Nf3 Nc6 3. Bc4 Bc5 4. O-O d6 5. d3 Bg4 6. Be3 Nd4 7. Nbd2 Qf6 8.
Bg5 Qg6 9. c3 Nxf3+ 10. Nxf3 Nf6 11. Be3 Bh3 12. Nh4 Qg4 13. Qxg4 Bxg4 14. b4
Bxe3 15. fxe3 O-O 16. Nf5 Bxf5 17. Rxf5 c6 18. Raf1 b5 19. Bb3 a5 20. bxa5 Rxa5
21. Rg5 Ne8 22. d4 exd4 23. exd4 Ra7 24. Rgf5 Nf6 25. e5 dxe5 26. Rxe5 Ng4 27.
Rc5 Ra6 28. Re1 Nf6 29. Re7 h6 30. Rc7 g6 31. R5xc6 Rxc6 32. Rxc6 Kg7 33. Rc7
h5 34. Kf2 Ne4+ 35. Ke3 Nf6 36. Kd3 Ng4 37. h3 Nh6 38. Rb7 1-0

[Event "Championnat de France Open A"]
[Site "CALVI"]
[Date "2005.??.??"]
[Round "1.10"]
[White "Teissier, Geoffrey"]
[Black "Azouit, Remy"]
[Result "0-1"]
[WhiteElo "1350"]
[BlackElo "1830"]
[PlyCount "44"]
[EventDate "2005.??.??"]
[SourceDate "2005.04.17"]

1. f4 d5 2. Nf3 Nc6 3. e3 Nf6 4. Bb5 Bg4 5. h3 Bd7 6. Bxc6 Bxc6 7. b3 e6 8. Bb2
Bd6 9. d3 Qe7 10. Qe2 Bb5 11. Nc3 Ba6 12. a3 Ne4 13. Nxe4 dxe4 14. Ne5 exd3 15.
cxd3 Bxe5 16. Bxe5 f6 17. Bb2 O-O-O 18. Rd1 Qc5 19. Qd2 Rxd3 20. Qxd3 Bxd3 21.
Rxd3 Qc2 22. Rd2 Qb1+ 0-1

[Event "Championnat de France Open A"]
[Site "CALVI"]
[Date "????.??.??"]
[Round "2.2"]
[White "Savalle, Alexandre"]
[Black "Camel, Joris"]
[Result "1-0"]
[WhiteElo "1560"]
[BlackElo "1960"]
[PlyCount "73"]
[EventDate "2005.??.??"]
[SourceDate "2005.04.17"]

1. e4 e5 2. Nf3 Nf6 3. Nxe5 d6 4. Nf3 Nxe4 5. Nc3 d5 6. Qe2 Be7 7. Nxe4 dxe4 8.
Qxe4 Nd7 9. Bc4 O-O 10. O-O Nf6 11. Qe2 Bg4 12. d3 Re8 13. Be3 Bd6 14. h3 Bh5
15. Qd1 c6 16. Bg5 h6 17. Bh4 Rb8 18. Kh1 g5 19. Bg3 Bxg3 20. fxg3 Qc7 21. g4
Bg6 22. Nxg5 hxg5 23. Rxf6 Kg7 24. Qf3 Qe5 25. Rf1 Re7 26. Bxf7 Bh7 27. Bb3 Bg6
28. Bf7 Bh7 29. Bh5 Bg8 30. Rg6+ Kh7 31. Qf6 Qxf6 32. Rfxf6 Kh8 33. Rxg5 Re2
34. Rh6+ Bh7 35. Bg6 Re7 36. Rgh5 Re1+ 37. Kh2 1-0

[Event "Championnat de France Open A"]
[Site "CALVI"]
[Date "????.??.??"]
[Round "2.3"]
[White "Hab, Alexis"]
[Black "Kostenko, Gwendoline"]
[Result "0-1"]
[WhiteElo "1900"]
[BlackElo "1560"]
[PlyCount "83"]
[EventDate "2005.??.??"]
[SourceDate "2005.04.17"]

1. Nf3 c5 2. b3 Nf6 3. Bb2 Nc6 4. e3 b6 5. Bb5 Bb7 6. d3 e6 7. Nbd2 Be7 8. O-O
O-O 9. Bxc6 Bxc6 10. Ne5 Bb7 11. f4 a5 12. a4 Ba6 13. Ndf3 Qc8 14. Nd2 d6 15.
Nec4 Qc7 16. Qe1 b5 17. axb5 Bxb5 18. Qg3 d5 19. Ne5 a4 20. bxa4 Bxa4 21. Rac1
Rfc8 22. Ng4 Qd8 23. f5 Nxg4 24. Qxg4 f6 25. fxe6 Bb5 26. Rf3 Rc7 27. Rcf1 Kh8
28. Rh3 Kg8 29. Rff3 Ra6 30. Rhg3 g6 31. Qh4 Qe8 32. Qf4 Bd6 33. Qg4 Bxg3 34.
Qxg3 Rb7 35. Bc3 Rxe6 36. Nb3 Rbe7 37. Bd2 c4 38. Nd4 Ra6 39. dxc4 dxc4 40. Bb4
Ra1+ 41. Kf2 Rb7 42. Qd6 {illisible} 0-1

[Event "Championnat de France Open A"]
[Site "CALVI"]
[Date "????.??.??"]
[Round "2.4"]
[White "Gallant, Jeremy"]
[Black "Nolot, Vivien"]
[Result "0-1"]
[WhiteElo "1550"]
[BlackElo "1880"]
[PlyCount "70"]
[EventDate "2005.??.??"]
[SourceDate "2005.04.17"]

1. d4 d6 2. e4 g6 3. h3 Bg7 4. Nf3 c5 5. dxc5 Qa5+ 6. Bd2 Qxc5 7. Nc3 a6 8. Bd3
e6 9. O-O Ne7 10. Rb1 Qc7 11. Re1 O-O 12. Ne2 Nbc6 13. Be3 Bd7 14. Qd2 f5 15.
Bh6 fxe4 16. Bxe4 d5 17. Bd3 e5 18. Bxg7 Kxg7 19. Qc3 Qd6 20. Ng3 d4 21. Qd2
Bxh3 22. Qg5 h6 23. Nh5+ Kh7 24. Qh4 Bf5 25. Ng3 Bxd3 26. cxd3 Nf5 27. Ng5+ Kg7
28. Nxf5+ Rxf5 29. Ne4 Qd5 30. a3 Raf8 31. f3 Rf4 32. Qh3 Ne7 33. Rbc1 Nf5 34.
Rc7+ Rf7 35. Rc8 Rh4 0-1

[Event "Championnat de France Open A"]
[Site "CALVI"]
[Date "????.??.??"]
[Round "2.5"]
[White "Prodhomme, Adrien"]
[Black "Pradere, Anthony"]
[Result "0-1"]
[WhiteElo "1540"]
[BlackElo "1860"]
[PlyCount "50"]
[EventDate "2005.??.??"]
[SourceDate "2005.04.17"]

1. e4 d5 2. exd5 Nf6 3. Bb5+ Bd7 4. Bc4 Bg4 5. f3 Bf5 6. Nc3 Nbd7 7. d3 Nb6 8.
Bb3 Nbxd5 9. Nxd5 Nxd5 10. Bd2 e6 11. Ba5 Qd7 12. Bxd5 exd5 13. Qe2+ Be6 14.
O-O-O Qa4 15. Bxc7 Qxa2 16. Be5 Bb4 17. c3 Be7 18. Bxg7 Bg5+ 19. Kc2 Rg8 20.
Be5 Rc8 21. Bd4 b5 22. Be3 {Diagramme #} 22... b4 23. Bxg5 bxc3 24. Bc1 cxb2+
25. Kd2 bxc1=Q+ 0-1

[Event "Championnat de France Open A"]
[Site "CALVI"]
[Date "????.??.??"]
[Round "2.6"]
[White "Lerat, Florent"]
[Black "Copin, Valentin"]
[Result "1-0"]
[WhiteElo "1854"]
[BlackElo "1550"]
[PlyCount "65"]
[EventDate "2005.??.??"]
[SourceDate "2005.04.17"]

1. e4 e5 2. Nf3 Nc6 3. d4 exd4 4. Nxd4 Bc5 5. Be3 Qf6 6. c3 Nge7 7. Bc4 Ng6 8.
O-O O-O 9. Qd2 Nge5 10. Bd5 d6 11. a4 a6 12. Bxc6 bxc6 13. Qe2 a5 14. Rd1 Ba6
15. Qc2 d5 16. exd5 cxd5 17. Na3 Rfe8 18. Nf5 Bxe3 19. Nxe3 c6 20. b4 axb4 21.
cxb4 Rab8 22. b5 cxb5 23. axb5 Bxb5 24. Nxd5 Qg5 25. f4 Qg6 26. fxe5 Qxc2 27.
Nxc2 Rxe5 28. Ncb4 Rd8 29. Ne7+ Rxe7 30. Rxd8+ Re8 31. Rxe8+ Bxe8 32. Ra8 Kf8
33. Nd5 1-0

[Event "Championnat de France Open A"]
[Site "CALVI"]
[Date "????.??.??"]
[Round "2.7"]
[White "Sabo-Benke, Valeria"]
[Black "Wojtkowski, Frederic"]
[Result "0-1"]
[WhiteElo "1520"]
[BlackElo "1849"]
[PlyCount "98"]
[EventDate "2005.??.??"]
[SourceDate "2005.04.17"]

1. e4 c5 2. Nf3 Nc6 3. d4 cxd4 4. Nxd4 Nf6 5. Nc3 d6 6. Be2 g6 7. Be3 Bg7 8.
O-O O-O 9. Re1 Bd7 10. a3 a6 11. Bc4 b5 12. Be2 Ne5 13. Nf3 Nc4 14. Bxc4 bxc4
15. Qe2 Qc7 16. Rab1 Rab8 17. Bg5 Be6 18. Nd1 Rb7 19. c3 Rfb8 20. e5 dxe5 21.
Nxe5 Nd7 22. Nxd7 Qxd7 23. Bf4 Rd8 24. Ne3 Qa4 25. Red1 Rbd7 26. Rxd7 Rxd7 27.
Rd1 Rxd1+ 28. Qxd1 Qxd1+ 29. Nxd1 Bf5 30. f3 e5 31. Be3 Bc2 32. Nf2 f5 33. Kf1
Kf7 34. Ke2 Ke6 35. Kd2 Ba4 36. Nh3 Kd5 37. g3 Bf8 38. f4 e4 39. Bd4 Bc5 40.
Bxc5 Kxc5 41. Ke3 h6 42. Ng1 Bd1 43. Kd2 Bh5 44. h4 Bg4 45. a4 Kb6 46. Kc2 e3
47. Kc1 Ka5 48. Kc2 Kxa4 49. Kc1 Kb3 0-1

[Event "Championnat de France Open A"]
[Site "CALVI"]
[Date "????.??.??"]
[Round "2.8"]
[White "Azouit, Remy"]
[Black "Paoli, Guillaume"]
[Result "0-1"]
[WhiteElo "1830"]
[BlackElo "1530"]
[PlyCount "56"]
[EventDate "2005.??.??"]
[SourceDate "2005.04.17"]

1. e4 e5 2. Nf3 Nc6 3. Bc4 Nf6 4. d3 Bc5 5. Bg5 h6 6. Bh4 d6 7. h3 Qe7 8. Nc3
Be6 9. Nd5 Bxd5 10. Bxd5 g5 11. Bg3 Nxd5 12. exd5 Nd4 13. c3 Nxf3+ 14. Qxf3
O-O-O 15. O-O-O Qd7 16. Kb1 f5 17. Qe2 Rde8 18. f3 Qf7 19. c4 Bd4 20. Bf2 f4
21. Rhe1 Kd8 22. Qc2 h5 23. Bxd4 exd4 24. Re4 Qf6 25. Qf2 g4 26. Rxd4 g3 27.
Qg1 Re2 28. a3 Rf2 {Diagramme #} 0-1

[Event "Championnat de France Open A"]
[Site "CALVI"]
[Date "????.??.??"]
[Round "2.9"]
[White "Bekhouche, Christophe"]
[Black "Treand, Victor"]
[Result "1/2-1/2"]
[WhiteElo "1820"]
[BlackElo "1510"]
[PlyCount "131"]
[EventDate "2005.??.??"]
[SourceDate "2005.04.17"]

1. Nf3 c5 2. g3 Nc6 3. Bg2 g6 4. O-O Bg7 5. d3 Nf6 6. c3 O-O 7. Qa4 d5 8. Qh4
Qb6 9. Nbd2 Bd7 10. e4 dxe4 11. Nxe4 Nxe4 12. dxe4 Rfd8 13. Ng5 h5 14. f4 c4+
15. Kh1 Bg4 16. Bf3 Bxf3+ 17. Nxf3 Rd7 18. Qh3 Rad8 19. Nd2 Qe3 20. Rf3 Qc5 21.
Qg2 Kh7 22. Qf2 Qxf2 23. Rxf2 b5 24. Kg2 e5 25. Nf3 Rd1 26. fxe5 Nxe5 27. Nxe5
Bxe5 28. Rxf7+ Kg8 29. Rf1 Rxf1 30. Kxf1 Rd1+ 31. Kg2 Bf6 32. h4 Kf7 33. Kf2
Ke6 34. Ke2 Rh1 35. Kf2 Be5 36. Kg2 Rd1 37. Kf2 Kf7 38. Kg2 Bc7 39. Kf3 Bd8 40.
b3 Bf6 41. Bb2 Rxa1 42. Bxa1 cxb3 43. axb3 b4 44. Bb2 bxc3 45. Bc1 Ke6 46. Ke2
Kd6 47. Bf4+ Kc5 48. Kd3 Kb4 49. Kc2 Bd4 50. e5 Kc5 51. e6 Bf6 52. Bg5 Bxg5 53.
hxg5 Kd6 54. Kxc3 Kxe6 55. Kb4 Kf5 56. Ka5 Kxg5 57. Ka6 Kg4 58. Kxa7 Kxg3 59.
b4 h4 60. b5 h3 61. b6 h2 62. b7 h1=Q 63. b8=Q+ Kg2 64. Qb2+ Kg3 65. Qe5+ Kg4
66. Qe6+ 1/2-1/2

[Event "Championnat de France Open A"]
[Site "CALVI"]
[Date "????.??.??"]
[Round "2.10"]
[White "Bertin, Marc"]
[Black "Gabriel, Florent"]
[Result "0-1"]
[WhiteElo "1510"]
[BlackElo "1810"]
[PlyCount "90"]
[EventDate "2005.??.??"]
[SourceDate "2005.04.17"]

1. e4 c6 2. d4 d5 3. e5 Bf5 4. Nf3 e6 5. Bd3 Bxd3 6. Qxd3 Nd7 7. O-O Qc7 8. Be3
c5 9. dxc5 Bxc5 10. Qc3 Rc8 11. Na3 a6 12. Rac1 Ne7 13. Rfe1 O-O 14. Bg5 Nc6
15. Qd3 Ncxe5 16. Nxe5 Nxe5 17. Qg3 Ng6 18. Qd3 h6 19. Be3 Ne5 20. Qc3 Ng4 21.
g3 Nxe3 22. fxe3 Qb6 23. Rcd1 Rc6 24. h4 Bb4 25. Qd4 Qxd4 26. exd4 Bxe1 27.
Rxe1 b5 28. c3 Rb8 29. Nc2 a5 30. a3 Re8 31. Kf2 f6 32. Kf3 e5 33. Kg4 Rce6 34.
Kf5 Kf7 35. h5 exd4 36. Rxe6 Rxe6 37. Nxd4 Re5+ 38. Kf4 Re4+ 39. Kf3 b4 40. Nf5
Kf8 41. cxb4 axb4 42. a4 b3 43. a5 Ra4 44. Nd6 Rxa5 45. Nb7 Ra2 0-1

[Event "Championnat de France Open A"]
[Site "CALVI"]
[Date "????.??.??"]
[Round "3.1"]
[White "Leroy, Olivier"]
[Black "Vidal, Hugo"]
[Result "1-0"]
[WhiteElo "1980"]
[BlackElo "1650"]
[PlyCount "129"]
[EventDate "2005.??.??"]
[SourceDate "2005.04.17"]

1. e4 e6 2. d4 d5 3. exd5 exd5 4. Bd3 Bd6 5. Be3 Ne7 6. c3 c6 7. Nf3 Bf5 8. Qc2
Bxd3 9. Qxd3 Nd7 10. Nbd2 Qc7 11. h3 h6 12. c4 dxc4 13. Nxc4 Bb4+ 14. Bd2 Bxd2+
15. Ncxd2 Nd5 16. Qe4+ Ne7 17. O-O Nf6 18. Qe5 Qxe5 19. dxe5 Nfd5 20. Ne4 O-O
21. Nd4 Ng6 22. Nd6 Nxe5 23. Nxb7 Rab8 24. Na5 Rxb2 25. Naxc6 Nxc6 26. Nxc6 Rb7
27. Rfd1 Ne7 28. Rab1 Rc7 29. Nd4 Ng6 30. Nb5 Re7 31. Rd6 Ra8 32. Ra6 Rb7 33.
a4 Rb6 34. Rxb6 axb6 35. Nc3 Ra6 36. Rb4 Ne5 37. Kf1 Kf8 38. Ke2 Ke7 39. Nd5+
Kd6 40. Nxb6 Kc6 41. Nc4 Kc5 42. Rb5+ Kxc4 43. Rxe5 Rxa4 44. Re7 Ra2+ 45. Kf3
Ra3+ 46. Kg4 f5+ 47. Kxf5 Ra2 48. Re4+ Kd5 49. Rf4 Ra7 50. Kg6 Ke5 51. Rf7 Rxf7
52. Kxf7 g5 53. Kg6 Kf4 54. Kxh6 g4 55. hxg4 Kxg4 56. f3+ Kf4 57. Kh5 Kf5 58.
g4+ Kf6 59. Kh6 Kf7 60. Kg5 Kg7 61. f4 Kh7 62. Kf6 Kg8 63. Kg6 Kh8 64. Kf7 Kh7
65. g5 1-0

[Event "Championnat de France Open A"]
[Site "CALVI"]
[Date "????.??.??"]
[Round "3.2"]
[White "Nolot, Vivien"]
[Black "Sabo-Benke, Daniel"]
[Result "1-0"]
[WhiteElo "1880"]
[BlackElo "1620"]
[PlyCount "127"]
[EventDate "2005.??.??"]
[SourceDate "2005.04.17"]

1. e4 e5 2. Nf3 Nf6 3. d3 Nc6 4. Be2 Bc5 5. h3 O-O 6. c3 d5 7. exd5 Qxd5 8. Bd2
e4 9. dxe4 Nxe4 10. O-O Ng3 11. Re1 Nxe2+ 12. Qxe2 Bf5 13. b4 Bd6 14. c4 Qe6
15. Qxe6 Bxe6 16. c5 Be7 17. Bc3 a6 18. Ne5 Nxe5 19. Bxe5 Rfc8 20. Nc3 b6 21.
Ne4 a5 22. a3 Bf5 23. Ng3 Be6 24. Ne4 Bf5 25. Rac1 axb4 26. axb4 bxc5 27. Nxc5
Bxc5 28. Rxc5 c6 29. Bxg7 Bxh3 30. gxh3 Kxg7 31. Rec1 Rcb8 32. R1c4 Ra4 33.
Rg4+ Kh8 34. Rxc6 Raxb4 35. Kh2 Rxg4 36. hxg4 Rb4 37. Kg3 Rb5 38. f4 Rb3+ 39.
Kh4 Rb4 40. Kg5 Kg7 41. f5 h6+ 42. Kh4 Re4 43. Kh5 Re5 44. Rxh6 Re2 45. Kg5 Re4
46. f6+ Kg8 47. Rh4 Rb4 48. Kh5 Kh7 49. Rh3 Rb6 50. Kg5+ Kg8 51. Rf3 Rb5+ 52.
Rf5 Rxf5+ 53. Kxf5 Kh7 54. g5 Kg8 55. Ke5 Kf8 56. Kd6 Ke8 57. Kc7 Kf8 58. Kd8
Kg8 59. Ke8 Kh7 60. Kxf7 Kh8 61. Ke8 Kg8 62. f7+ Kh7 63. g6+ Kxg6 64. f8=Q 1-0

[Event "Championnat de France Open A"]
[Site "CALVI"]
[Date "????.??.??"]
[Round "3.4"]
[White "Chauffert, Pierre"]
[Black "Lerat, Florent"]
[Result "0-1"]
[WhiteElo "1590"]
[BlackElo "1854"]
[PlyCount "82"]
[EventDate "2005.??.??"]
[SourceDate "2005.04.17"]

1. e4 d6 2. d4 g6 3. Nc3 Bg7 4. Nf3 c6 5. Bc4 Nf6 6. d5 O-O 7. h3 b5 8. Bd3 b4
9. Ne2 cxd5 10. exd5 Ba6 11. Bxa6 Nxa6 12. O-O Nc5 13. Be3 Nfd7 14. c3 bxc3 15.
bxc3 Qa5 16. Bd2 Ne4 17. Qc2 Nxd2 18. Nxd2 Qxd5 19. c4 Qe6 20. Rae1 Nc5 21. Nf4
Qd7 22. Nd5 e6 23. Nb4 Rab8 24. a3 a5 25. Nd3 Qc6 26. Nxc5 Qxc5 27. Qd3 Rfd8
28. Ne4 Qc6 29. Rd1 d5 30. cxd5 exd5 31. Rc1 Qb6 32. Nc5 Bf8 33. Na6 Qb3 34.
Qxb3 Rxb3 35. a4 d4 36. Rfd1 d3 37. Rd2 Bh6 38. Rxd3 Rbxd3 39. Rc5 R3d5 40.
Rxd5 Rxd5 41. Nc7 Rd4 0-1

[Event "Championnat de France Open A"]
[Site "CALVI"]
[Date "????.??.??"]
[Round "3.5"]
[White "Wojtkowski, Frederic"]
[Black "Genaudet, Maxime"]
[Result "1-0"]
[WhiteElo "1849"]
[BlackElo "1590"]
[PlyCount "99"]
[EventDate "2005.??.??"]
[SourceDate "2005.04.17"]

1. e4 c5 2. Nf3 Nc6 3. d4 cxd4 4. Nxd4 a6 5. Nc3 e6 6. Be2 d6 7. O-O Nf6 8. Be3
Be7 9. Qd2 O-O 10. Kh1 Qc7 11. f4 b5 12. a3 Bb7 13. Nxc6 Bxc6 14. Bf3 Rab8 15.
f5 e5 16. g4 b4 17. axb4 Rxb4 {Diagramme #} 18. Nd5 Bxd5 19. Qxb4 Rb8 20. Qa5
Qxa5 21. Rxa5 Bc6 22. b3 Bd8 23. Ra2 Rc8 24. c4 Bb7 25. Re2 a5 26. Bf2 Ba6 27.
Ra1 Rb8 28. Ra3 Kf8 29. Be1 Bc8 30. Rb2 Bb6 31. Bxa5 Bd4 32. Rb1 Ra8 33. Bb4
Rxa3 34. Bxa3 Bc5 35. b4 Bd4 36. b5 Bb7 37. Bxd6+ Ke8 38. c5 Nxg4 39. c6 Nf2+
40. Kg2 Bc8 41. b6 Nd3 42. b7 Nf4+ 43. Kh1 Bxb7 44. cxb7 Ba7 45. b8=Q+ Bxb8 46.
Rxb8+ Kd7 47. Bxe5 Nd3 48. Bxg7 Nf2+ 49. Kg2 Nd3 50. Bf6 1-0

[Event "Championnat de France Open A"]
[Site "CALVI"]
[Date "????.??.??"]
[Round "3.6"]
[White "Gabriel, Florent"]
[Black "Rossinot, Edouard"]
[Result "1/2-1/2"]
[WhiteElo "1810"]
[BlackElo "1590"]
[PlyCount "79"]
[EventDate "2005.??.??"]
[SourceDate "2005.04.17"]

1. d4 d5 2. c4 e6 3. Nc3 c5 4. cxd5 exd5 5. Nf3 Nc6 6. e3 Nf6 7. Be2 cxd4 8.
exd4 Bd6 9. Bg5 Be7 10. O-O O-O 11. Qb3 Qd6 12. Rfd1 Rd8 13. Bh4 Qb4 14. Bg3
Qxb3 15. axb3 Bf5 16. Bd3 Bg4 17. Be2 Bf5 18. Re1 Bb4 19. Bd1 Ne4 20. Rc1 Nxc3
21. bxc3 Ba3 22. Bc2 Bxc1 23. Bxf5 Bb2 24. Re3 Re8 25. Rd3 Re2 26. Bf4 Rae8 27.
Bd2 Bc1 28. g3 Bxd2 29. Nxd2 Re1+ 30. Kg2 g6 31. Bg4 Ra1 32. c4 dxc4 33. bxc4
Ra2 34. Nf1 Rd8 35. d5 Ne5 36. Rd4 Nxg4 37. Rxg4 Ra4 38. Nd2 b5 39. Rd4 bxc4
40. d6 1/2-1/2

[Event "Championnat de France Open A"]
[Site "CALVI"]
[Date "????.??.??"]
[Round "3.7"]
[White "Billon, Olivier"]
[Black "Andre, Pier-Gil"]
[Result "0-1"]
[WhiteElo "1580"]
[BlackElo "1800"]
[PlyCount "96"]
[EventDate "2005.??.??"]
[SourceDate "2005.04.17"]

1. e4 e6 2. d4 d5 3. Nc3 Bb4 4. e5 c5 5. a3 Bxc3+ 6. bxc3 Nc6 7. Nf3 Bd7 8. Be2
Nge7 9. O-O Qc7 10. Be3 Ng6 11. Nd2 O-O 12. Nb3 cxd4 13. cxd4 b6 14. Qd2 Rac8
15. Bd3 Nce7 16. Qc1 Rfd8 17. Bd2 Rf8 18. Bb4 Rce8 19. Bd6 Qc8 20. Qd2 Qd8 21.
a4 f5 22. a5 Rf7 23. axb6 axb6 24. Ra7 Nc8 25. Bc7 Qe7 26. Ra6 b5 27. Nc5 Ref8
28. Rb1 Qe8 29. Ra5 Bc6 30. Bd6 Nxd6 31. exd6 e5 32. Re1 e4 33. Bf1 Qb8 34. d7
Bxd7 35. Nxd7 Rxd7 36. Rxb5 Qa7 37. Qc3 Rc7 38. Qb2 Qa8 39. Ra1 Qd8 40. Raa5
Rd7 41. Qb3 Ne7 42. c4 dxc4 43. Bxc4+ Kh8 44. Rb7 Rxb7 45. Qxb7 Qxa5 46. Qxe7
Rd8 47. Bb5 Qa1+ 48. Bf1 Qxd4 0-1

[Event "Championnat de France Open A"]
[Site "CALVI"]
[Date "????.??.??"]
[Round "3.8"]
[White "Rochet, Hermes"]
[Black "Dubois, Vincent"]
[Result "1-0"]
[WhiteElo "1790"]
[BlackElo "1580"]
[PlyCount "97"]
[EventDate "2005.??.??"]
[SourceDate "2005.04.17"]

1. e4 c5 2. Nf3 Nc6 3. d4 cxd4 4. Nxd4 Nf6 5. Nc3 e5 6. Ndb5 d6 7. Nd5 Nxd5 8.
exd5 Nb8 9. Be2 a6 10. Nc3 Be7 11. O-O O-O 12. Kh1 f5 13. f4 b5 14. a3 Nd7 15.
Be3 e4 16. Qd2 Bf6 17. Bd4 Bb7 18. Rad1 Nb6 19. Bxf6 Rxf6 20. Qe3 Rh6 21. Qf2
Qh4 22. Qxh4 Rxh4 23. g3 Rh6 24. Rd4 Rc8 25. Rfd1 Rc5 26. Kg1 Kf7 27. R1d2 Kf6
28. h4 Kf7 29. Kg2 Kf6 30. Kf2 Kf7 31. Rd1 Kf6 32. Kg2 Kf7 33. R1d2 Kf6 34. Kf2
Kf7 35. Ke3 Kf6 36. Rd1 Kf7 37. a4 bxa4 38. Nxa4 Nxd5+ 39. Rxd5 Rxd5 40. Bc4
Ke6 41. Nc3 Rg6 42. Kf2 e3+ 43. Kf3 h6 44. Re1 Kd7 45. Bxd5 Bxd5+ 46. Nxd5 Re6
47. Rxe3 Rxe3+ 48. Kxe3 g6 49. Kd4 1-0

[Event "Championnat de France Open A"]
[Site "CALVI"]
[Date "????.??.??"]
[Round "3.9"]
[White "Lajarge, Romain"]
[Black "Bolla, Benjamin"]
[Result "1/2-1/2"]
[WhiteElo "1570"]
[BlackElo "1780"]
[PlyCount "108"]
[EventDate "2005.??.??"]
[SourceDate "2005.04.17"]

1. e4 e6 2. d4 d5 3. exd5 exd5 4. Nf3 Bg4 5. Bf4 Bd6 6. Bxd6 Qxd6 7. Nc3 c6 8.
Be2 Nd7 9. O-O O-O-O 10. Ne5 Nxe5 11. Bxg4+ Nxg4 12. Qxg4+ Qe6 13. Qxe6+ fxe6
14. Rfe1 Re8 15. Re3 Nh6 16. Rd1 Rhf8 17. f3 Kd7 18. Nb1 b6 19. c3 Rf5 20. Rde1
Kd6 21. Nd2 Nf7 22. b3 c5 23. dxc5+ bxc5 24. g3 Re5 25. f4 Rxe3 26. Rxe3 e5 27.
fxe5+ Rxe5 28. Rxe5 Kxe5 29. Kf2 Ng5 30. Nf3+ Nxf3 31. Kxf3 a5 32. Ke3 h5 33.
h3 g5 34. a3 h4 35. gxh4 gxh4 36. b4 d4+ 37. cxd4+ cxd4+ 38. Kd3 a4 39. b5 Kd5
40. b6 Kc6 41. b7 Kxb7 42. Kxd4 Kc6 43. Kc4 Kb6 44. Kb4 Ka6 45. Kxa4 Kb6 46.
Kb4 Ka6 47. Kc4 Ka5 48. Kd4 Ka4 49. Ke4 Kxa3 50. Kf4 Kb4 51. Kg4 Kc5 52. Kxh4
Kd6 53. Kg5 Ke7 54. Kg6 Kf8 1/2-1/2

[Event "Championnat de France Open A"]
[Site "CALVI"]
[Date "????.??.??"]
[Round "3.10"]
[White "Draillard, Jean-Emmanuel"]
[Black "Kostenko, Gwendoline"]
[Result "1-0"]
[WhiteElo "1760"]
[BlackElo "1560"]
[PlyCount "139"]
[EventDate "2005.??.??"]
[SourceDate "2005.04.17"]

1. d4 g6 2. Nf3 Bg7 3. c4 c5 4. d5 d6 5. e4 Nf6 6. Nc3 O-O 7. Bg5 h6 8. Bxf6
Bxf6 9. Qd2 Kh7 10. Bd3 e5 11. h3 Na6 12. a3 Bd7 13. g3 Rb8 14. h4 Nc7 15. Nb5
a6 16. h5 g5 17. Nxd6 Bg4 18. Nh2 Qxd6 19. Nxg4 Bg7 20. f4 f6 21. f5 b5 22. Ne3
Rfd8 23. O-O Qb6 24. Rfb1 Bf8 25. cxb5 axb5 26. a4 c4 27. Bf1 Bc5 28. Kf2 Bd4
29. axb5 Qxb5 30. Ra5 Qb6 31. Bxc4 Bxe3+ 32. Qxe3 Qxa5 33. b3 Qb6 34. Rc1 $11
Qxe3+ 35. Kxe3 Nb5 36. Ra1 Nd4 37. Ra7+ Kh8 38. Ra6 Kg7 39. Ra7+ Kf8 40. Rh7
Kg8 41. Rxh6 Rd6 42. Rg6+ Kh7 43. h6 Nxb3 44. Rg7+ Kh8 45. Re7 Nd4 46. Ra7 Rc8
47. Kd3 Nc6 48. Ra4 Rd7 49. Bb5 Ra7 50. dxc6 Rxa4 51. Bxa4 Kh7 52. Kc4 Kxh6 53.
Kd5 Kh5 54. Bd1+ Kh6 55. Be2 Kg7 56. Kd6 Rd8+ 57. Ke7 Ra8 58. c7 Ra7 59. Kd8
Ra8+ 60. c8=Q Rxc8+ 61. Kxc8 Kf7 62. Kd7 Kf8 63. Ke6 Kg7 64. g4 Kg8 65. Kxf6
Kf8 66. Kxg5 Kg7 67. f6+ Kf7 68. Bc4+ Kf8 69. Kg6 Ke8 70. Kh6 1-0

[Event "Championnat de France Open A"]
[Site "CALVI"]
[Date "????.??.??"]
[Round "4.1"]
[White "Rochet, Hermes"]
[Black "Leroy, Olivier"]
[Result "0-1"]
[WhiteElo "1790"]
[BlackElo "1980"]
[PlyCount "58"]
[EventDate "2005.??.??"]
[SourceDate "2005.04.17"]

1. e4 c5 2. Nf3 d6 3. d4 cxd4 4. Nxd4 Nf6 5. Nc3 g6 6. Be3 Nc6 7. f3 Bg7 8. Qd2
O-O 9. Bc4 Bd7 10. O-O-O Qa5 11. Kb1 Ne5 12. Bb3 Rfc8 13. g4 Nc4 14. Bxc4 Rxc4
15. h4 Rac8 16. Nb3 Qc7 17. Bd4 b5 18. Rc1 a5 19. Nd5 Nxd5 20. exd5 Rxd4 21.
Nxd4 Qc4 22. Ne2 a4 23. Rcd1 b4 24. h5 Bb5 25. Rhe1 b3 26. cxb3 axb3 27. Rc1
Qd3+ 28. Qxd3 Bxd3+ 29. Ka1 Ra8 {Diagramme #} 0-1

[Event "Championnat de France Open A"]
[Site "CALVI"]
[Date "????.??.??"]
[Round "4.2"]
[White "Draillard, Jean-Emmanuel"]
[Black "Nolot, Vivien"]
[Result "1/2-1/2"]
[WhiteElo "1760"]
[BlackElo "1880"]
[PlyCount "37"]
[EventDate "2005.??.??"]
[SourceDate "2005.04.17"]

1. d4 d6 2. Nf3 g6 3. c4 Bg7 4. Nc3 c6 5. e4 Nf6 6. Be2 O-O 7. Bf4 Na6 8. Qd2
Nc7 9. Bh6 Bd7 10. Bxg7 Kxg7 11. e5 Nfe8 12. O-O-O d5 13. h4 f6 14. h5 g5 15.
h6+ Kh8 16. Rh5 Bf5 17. Bd3 Bxd3 18. Qxd3 Ne6 19. g3 1/2-1/2

[Event "Championnat de France Open A"]
[Site "CALVI"]
[Date "????.??.??"]
[Round "4.3"]
[White "Nakache, Elie"]
[Black "Pradere, Anthony"]
[Result "1-0"]
[WhiteElo "1740"]
[BlackElo "1860"]
[PlyCount "153"]
[EventDate "2005.??.??"]
[SourceDate "2005.04.17"]

1. e4 c5 2. c3 Nf6 3. e5 Nd5 4. d4 cxd4 5. cxd4 e6 6. Nf3 d6 7. Bc4 Nb6 8. Bb3
Nc6 9. O-O Be7 10. Be3 O-O 11. Nc3 Na5 12. Bc2 Nbc4 13. Qd3 g6 14. Bh6 Nxb2 15.
Qb5 Nbc4 16. Bxf8 Bxf8 17. Qb1 dxe5 18. dxe5 Ba3 19. Qd1 Qe7 20. Ne4 Bb2 21.
Rb1 Bxe5 22. Nxe5 Nxe5 23. Qd6 Qxd6 24. Nxd6 b6 25. Be4 Rb8 26. Rfc1 Bb7 27.
Bxb7 Nxb7 28. Nc8 Ra8 29. Rc7 Nc5 30. Nxa7 Ned7 31. Rc8+ Rxc8 32. Nxc8 Na4 33.
a3 Nc3 34. Rxb6 Nxb6 35. Nxb6 Kf8 36. Kf1 Ke7 37. Nc4 Kd8 38. Ke1 Kc7 39. f3 f6
40. Kd2 Na4 41. Kc2 Kc6 42. Kb3 Nc5+ 43. Kb4 Nd3+ 44. Kc3 Nc5 45. Kb4 Nd3+ 46.
Ka5 Ne1 47. Ne3 e5 48. Kb4 Nd3+ 49. Kc3 Nf4 50. g3 Nh5 51. a4 Kc5 52. Nc4 Ng7
53. Na3 Ne6 54. Nc2 h5 55. Kd3 Ng5 56. Ke3 Kb6 57. h4 Ne6 58. Ke4 Nc7 59. Ne3
Ka5 60. Nd5 Ne8 61. Ne7 Kxa4 62. Nxg6 Kb5 63. Kf5 Kc5 64. f4 exf4 65. Nxf4 Kd6
66. Nxh5 Ke7 67. Kg6 Ke6 68. Nf4+ Ke7 69. h5 Kf8 70. Nd5 Nd6 71. Nxf6 Nf7 72.
g4 Ne5+ 73. Kf5 Nxg4 74. Nxg4 Kg8 75. Kg6 Kh8 76. h6 Kg8 77. Ne5 1-0

[Event "Championnat de France Open A"]
[Site "CALVI"]
[Date "????.??.??"]
[Round "4.4"]
[White "Lerat, Florent"]
[Black "Roth, Antoine"]
[Result "0-1"]
[WhiteElo "1854"]
[BlackElo "1700"]
[PlyCount "58"]
[EventDate "2005.??.??"]
[SourceDate "2005.04.17"]

1. e4 c6 2. d4 d5 3. exd5 cxd5 4. c4 Nf6 5. Nc3 Nc6 6. c5 e6 7. Nf3 Be7 8. Bb5
O-O 9. O-O Qc7 10. Bxc6 bxc6 11. b4 Nd7 12. Re1 Re8 13. a4 Bf6 14. Bg5 Bxg5 15.
Nxg5 h6 16. Nf3 Bb7 17. b5 e5 18. bxc6 Qxc6 19. Ne2 exd4 20. Qxd4 Re4 21. Qd1
Rae8 22. Nfd4 Qg6 23. Rb1 Ba6 24. f3 Bxe2 25. Qd2 Re3 26. Rb3 Rxb3 27. Nxb3 Re5
28. f4 Re4 29. Qxd5 Bf3 0-1

[Event "Championnat de France Open A"]
[Site "CALVI"]
[Date "????.??.??"]
[Round "4.5"]
[White "Friburger, Thibault"]
[Black "Wojtkowski, Frederic"]
[Result "1/2-1/2"]
[WhiteElo "1680"]
[BlackElo "1849"]
[PlyCount "58"]
[EventDate "2005.??.??"]
[SourceDate "2005.04.17"]

1. e4 c5 2. Nf3 Nc6 3. d4 cxd4 4. Nxd4 Nf6 5. Nc3 d6 6. Be3 g6 7. Be2 Bg7 8.
O-O O-O 9. Nxc6 bxc6 10. f4 Nd7 11. Qd2 a5 12. f5 Ne5 13. Bh6 Ba6 14. Bxg7 Kxg7
15. Qe3 Qb8 16. Bxa6 Rxa6 17. b3 Qb4 18. a4 Qb6 19. Qxb6 Rxb6 20. h3 Rb4 21.
Rad1 h5 22. f6+ exf6 23. Rxd6 Rc8 24. Rdxf6 Rd8 $11 25. R6f2 Rbd4 26. Re1 c5
27. Nd5 c4 28. b4 axb4 29. Nxb4 c3 1/2-1/2